00440nas a22001577a 4500008004100000022001400041245001500055260008100070300000900151310001400160546001400174590004000188650002700228942001200255999001500267130301t20119999ag ||||| |||| 00| 0 spa d a2250-5423 aInmanencia aBuenos Aires:bHospital Interzonal General de Agudos (HIGA) Eva Peron,c2011 av. : asemestral aespañol aExistencias: 2011 1(1); 2012 2(1-2) aMEDICINA INTERNA91738 2ddccCR c1197d1197